| 000 | 00873nam a2200229 a 4500 | ||
|---|---|---|---|
| 001 | 000041635 | ||
| 005 | 20201002035658.0 | ||
| 008 | 131014s2005 sp 000 0 spa d | ||
| 020 | _a840008358X | ||
| 040 |
_aDO-SdBNP _bspa _cBNPHU |
||
| 082 |
_axxx _bG559 |
||
| 100 | 1 |
_aGlick, Thomas F. _963716 |
|
| 240 | 1 | 0 |
_aSpaniards and Einstein. _linglés |
| 245 | 1 | 0 |
_aEinstein y los Españoles : _bciencia y sociedad en la España de entreguerras / _cThomas F. Glick ; versión española de Victor Navarro Brotóns. |
| 260 |
_aMadrid : _bC. S. I. C., _c2005. |
||
| 300 |
_a411 p. ; _c22 cm. |
||
| 490 | 1 |
_aEstudio sobre la ciencia _v37 |
|
| 500 | _aIncluye referencias bibliográficas y notas al pie de las páginas. | ||
| 504 | _aBibliografía: p. 383-400 | ||
| 710 | 2 |
_aConsejo Superior de Investigaciones Científicas _94786 |
|
| 830 | 0 |
_aEstudio sobre la ciencia _n37 _968423 |
|
| 999 |
_c41125 _d41125 |
||